| 000 | 00764nam a22002297a 4500 | ||
|---|---|---|---|
| 001 | 44036 | ||
| 003 | BD-RjUL | ||
| 005 | 20211209053805.0 | ||
| 008 | 160712s1967 bg ||||| |||| 00| 0 ben d | ||
| 020 | _c: IRs 4.00 | ||
| 035 | _a(BD-RjUL)44154 | ||
| 040 |
_aBD-RjUL _bben _cBD-RjUL |
||
| 041 | _aben | ||
| 082 |
_223 _a297.092 _bMOM 1967 |
||
| 100 |
_aমঈনুদ্দীন _9120698 |
||
| 245 | 1 | 0 |
_aমুসলিম বীরঙ্গনা / _cমঈনুদ্দীন |
| 260 |
_aঢাকা : _bবেগম রহিমা খানম, _c১৯৬৭ |
||
| 300 |
_a[১৮], ১৪০ পৃ. : _bচিত্র ; _c২১ সেমি. |
||
| 650 |
_aমুসলিম _9135258 |
||
| 650 |
_aMuslims _9135259 |
||
| 942 |
_2ddc _cBK |
||
| 999 |
_c44036 _d44036 |
||